| 000 | 01459nam a22003977a 4500 | ||
|---|---|---|---|
| 003 | CHAP | ||
| 005 | 20220329141324.0 | ||
| 008 | 971013s1985 r 00010 d | ||
| 010 | _a66391 | ||
| 011 | _a67363 | ||
| 035 | _a76833 | ||
| 040 | _cCHAP | ||
| 090 | _aTesis | ||
| 100 | 0 | 0 |
_aGonzaga Villalobos, María Lilia. _948638 |
| 245 | _aProyección de la superficie sembrada y de los requerimientos de fertilizante para algodón, arroz, frijol, maíz y sorgo, 1986-1987 | ||
| 260 |
_aChapingo, Méx. : _bEl autor, _c1985 |
||
| 300 | _ac.a 160 h. | ||
| 500 | _a28-1 | ||
| 502 | _aTesis (Ing. Agrónomo esp. en Economía Agrícola) -- UACH. Departamento de Economía Agrícola | ||
| 590 |
_aALEPH _b10 _c20130110 _lUCH01 _h1400 |
||
| 590 |
_aBATCH-UPD _b10 _c20130110 _lUCH01 _h0132 |
||
| 590 |
_aBATCH-UPD _b10 _c20130110 _lUCH01 _h0745 |
||
| 590 |
_aBATCH-UPD _b10 _c20130409 _lUCH01 _h2128 |
||
| 590 |
_aBATCH-UPD _b10 _c20130410 _lUCH01 _h0750 |
||
| 590 |
_aBATCH-UPD _b10 _c20130914 _lUCH01 _h1404 |
||
| 590 |
_aCONVERSION _b10 _c20130109 _lUCH01 _h1337 |
||
| 650 | 1 | 4 |
_aFertilizantes para algodón. _940601 |
| 650 | 1 | 4 |
_aFertilizantes para frijol. _940620 |
| 650 | 1 | 4 |
_aFertilizantes para maíz. _940625 |
| 650 | 1 | 4 |
_aFertilizantes para sorgo. _940636 |
| 650 | 1 | 4 |
_aFertilizantes _xIndustria. _940566 |
| 710 | 0 |
_aUACH. Departamento de Economía Agrícola. _9115862 |
|
| 901 | _aBK | ||
| 942 | _cTESIS | ||
| 949 |
_bBC _cTES _d-29690 _eTS1 _h20582 _i76833 _si |
||
| 999 |
_c66391 _d66391 |
||